000 00735nam a2200289Ia 4500
005 20260324112936.0
008 008 260324s9999 xx 000 0 eng d
020 _a9781003466826
037 _aEBOOK
040 _aCRL
040 _beng
040 _cCRL
041 _2eng
041 _aeng
084 _qCRL
100 _aSean Ruday
_91144772
245 0 _aGrammar Toolkit Lesson Plans for Middle School
245 0 _bMentor Text-Based Grammar Lessons for the Middle School English Classroom
260 _bTaylor and Francis
260 _c2024
365 _a
365 _b220
856 _uhttp://www.taylorfrancis.com/books/9781003466826
942 _cEBOOK
999 _c1734170
_d1734170